Discriminant analysis and statistical pattern recognition /
Guardado en:
| Autor Principal: | |
|---|---|
| Formato: | Libro |
| Idioma: | English |
| Publicado: |
New York :
Wiley,
c1992.
|
| Series: | Wiley series in probability and mathematical statistics. Applied probability and statistics
|
| Materias: | |
| Acceso en línea: | Publisher description |
| Etiquetas: |
Agregar Etiqueta
Sin Etiquetas, Sea el primero en etiquetar este registro!
|
| LEADER | 01744cam a2200277 a 4500 | ||
|---|---|---|---|
| 001 | MAT.inmabb005287 | ||
| 008 | 910726s1992####nyua#####b####001#0#eng## | ||
| 005 | 20130319164635.0 | ||
| 245 | 1 | 0 | |a Discriminant analysis and statistical pattern recognition / |c Geoffrey J. McLachlan. |
| 260 | |a New York : |b Wiley, |c c1992. | ||
| 300 | |a xv, 526 p. : |b il. ; |c 25 cm. | ||
| 440 | 0 | |a Wiley series in probability and mathematical statistics. |p Applied probability and statistics | |
| 500 | |a "A Wiley-Interscience publication." | ||
| 504 | |a Incluye referencias bibliográficas (p. 447-506) e índices. | ||
| 505 | 0 | |a 1. General introduction -- 2. Likelihood-Based Approaches to Discrimination -- 3. Discrimination via Normal Models -- 4. Distributional Results for Discrimination via Normal Models -- 5. Some Practical Aspects and Variants of Normal Theory-Based Discriminant Rules -- 6. Data Analytic Considerations with Normal Theory-Based Discriminant Analysis -- 7. Parametric Discrimination via Nonnormal Models -- 8. Logistic Discrimination -- 9. Nonparametric Discrimination -- 10. Estimation of Error Rates -- 11. Assessing the Reliability of the Estimated Posterior Probabilites of Group Membership -- 12. Selection of Feature Variables in Discriminant Analysis -- 13. Statistical Image Analysis. | |
| 510 | 4 | |a MR, |c 94a:62091 | |
| 020 | |a 0471615315 | ||
| 100 | 1 | |a McLachlan, Geoffrey J., |d 1946- | |
| 650 | 0 | |a Discriminant analysis. | |
| 650 | 0 | |a Pattern perception. | |
| 084 | |a 62H30 |2 msc2000 | ||
| 010 | |a 91029342 | ||
| 040 | |a DLC |c DLC |d DLC | ||
| 856 | 4 | 2 | |3 Publisher description |u http://www.loc.gov/catdir/description/wiley037/91029342.html |
| 859 | |h 62 |i M161 |p A-6884 |b BIB. MATEMATICA | ||
| 859 | |h 62 |i M161 |p A-7049 |t Ej. 2 |b BIB. MATEMATICA | ||
